Struktura a výkonnost technologicky náročného obchodu kandidátských zemí
Hodnotenie štruktúry a výkonnosti obchodu kandidátskych tranzitívnych krajín v porovnaní s krajinami EÚ a v jeho rámci obchodu technologicky náročného v druhej polovici 90. rokov, s rozlíšením pozície v medzinárodnom produkčnom reťazci. Obsahové vymedzenie pojmu špecializácia. Pozícia kandidátskych...
Salvato in:
| Autore principale: | |
|---|---|
| Natura: | Capitolo di libro |
| Lingua: | ceco |
| Soggetti: | |
| Tags: |
Nessun Tag, puoi essere il primo ad aggiungerne!!
|
MARC
| LEADER | 00000naa a2200000 4500 | ||
|---|---|---|---|
| 001 | r049017 | ||
| 005 | 20231002112802.9 | ||
| 041 | 0 | |a cze | |
| 044 | |a CZ | ||
| 245 | 1 | 0 | |a Struktura a výkonnost technologicky náročného obchodu kandidátských zemí |c Anna Kadeřábková |
| 520 | |a Hodnotenie štruktúry a výkonnosti obchodu kandidátskych tranzitívnych krajín v porovnaní s krajinami EÚ a v jeho rámci obchodu technologicky náročného v druhej polovici 90. rokov, s rozlíšením pozície v medzinárodnom produkčnom reťazci. Obsahové vymedzenie pojmu špecializácia. Pozícia kandidátskych krajín v technologickej sile a ekonomickej úrovni. Štruktúra a výkonnosť obchodu. Podiel vývozu a dovozu EÚ na celkových vývozoch a dovozoch. | ||
| 610 | 2 | 0 | |a špecializácia |
| 610 | 2 | 0 | |a výkonnosť |
| 610 | 2 | 0 | |a obchod |
| 610 | 2 | 0 | |a zmeny technologické |
| 610 | 2 | 0 | |a analýzy |
| 610 | 2 | 0 | |a štruktúra dovozu |
| 610 | 2 | 0 | |a SVE |
| 610 | 2 | 0 | |a Európska únia |
| 100 | 1 | |a Kadeřábková, Anna | |